00370nam a22001337a 450000500170000001000130001702000240003003500130005403700280006708200110009524500440010626000450015030000410019520190703151125.0 aB-110388 a01956559740c650.00 aB-110388 bOxford University Press a954.02 aIndia's islamic traditioons, 711-1750 / aNew DelhibOxford University Pressc2003 a439pb(it include index)c22cm (hbk)